000
00234nam a2200097Ia 4500
001
989056
005
20250826221149.0
008
250824s9999 xx 000 0 und d
245
0
_a
KENDİNİ ARAMAK
_c
İHSAN FAZLIOĞLU
260
_b
KETEBE
999
_c
989056
_d
989056